Statistics for Countries Bordering Unknown Sea #6

Click here to take the quiz!

General Stats

  • This quiz has been taken 218 times
  • The average score is 10 of 10

Answer Stats

Country % Correct
LLithuania
99%
RRussia
99%
DDenmark
99%
LLatvia
99%
EEstonia
99%
SSweden
98%
PPoland
98%
GGermany
98%
FFinland
98%
Baltic Sea
96%

Score Distribution

Percentile by Number Answered

Percent of People with Each Score

Your Score History

You have not taken this quiz